Państwa z największą liczbą raf koralowych - Statystyki

Ogólne statystyki
  • Ten quiz został rozwiązany 9 razy
  • Średni wynik to 15 z 20
Statystyki odpowiedzi
km² Państwo % Poprawnych
48 960 Australia
100%
25 060 Filipiny
100%
5 790 Indie
100%
51 020 Indonezja
100%
3 770 Stany Zjednoczone
100%
3 800 Egipt
86%
10 020 Fidżi
86%
6 660 Arabia Saudyjska
71%
3 150 Bahamy
71%
14 280 Francja
71%
8 920 Malediwy
71%
3 600 Malezja
71%
4 340 Mikronezja
71%
4 110 Vanuatu
71%
5 510 Wielka Brytania
71%
5 750 Wyspy Salomona
71%
13 840 Papua-Nowa Gwinea
57%
3 580 Tanzania
57%
6 110 Wyspy Marshalla
57%
3 260 Erytrea
29%
Nie znaleziono quizów pasujących do podanych kryteriów
Rozkład punktacji
Procent ludzi z każdym wynikiem
Percentyl według liczby udzielonych odpowiedzi
Twoja historia wyników
Nie rozwiązałeś tego quizu